| 000 | 00493 a2200181 4500 | ||
|---|---|---|---|
| 003 | NUST | ||
| 005 | 20230316141253.0 | ||
| 020 | _a969-35-1226-x | ||
| 040 | _cNust | ||
| 082 | _a891.4397,REH | ||
| 100 |
_aRehman, Shafique _9110451 |
||
| 245 |
_aPachtaway/ پچھتاوے (Urdu) / _cShafiq-ur-Rehman |
||
| 260 |
_aLahore _bSang-e-Meel pub _c2001 |
||
| 300 | _a144:p. | ||
| 538 | _aAlmirah No.67, Shelf No.2 | ||
| 650 |
_aUrdu Literature _xUrdu Adab _9110085 |
||
| 942 |
_2ddc _cBK _k891.4397,REH |
||
| 999 |
_c187753 _d187753 |
||